| 000 | 00545nam a2200133Ia 4500 | ||
|---|---|---|---|
| 008 | 150609s9999 xx 000 0 und d | ||
| 050 |
_aHF 5549.5.R3 _b.Al447 2015 |
||
| 100 | _aAlmeria, Nina Cathy Louise. | ||
| 245 |
_aEmployee engagement of the college faculty of southville international school and colleges / _cNina Cathy louise Almeria. |
||
| 260 |
_aLas PiƱas, Philippines : _bSISC, _c2015. |
||
| 300 |
_a68 pages : _billustrations ; _c28 cm. |
||
| 500 | _aIncludes bibliographical references and appendices. | ||
| 650 | _aEmployee motivation | ||
| 999 |
_c285045 _d285045 |
||